000 00721nam a2200241 4500
001 6069
010 _a972576319X
021 _b210672/04
090 _a6069
100 _a20211231d2004 cb|y0pory5003 ba
200 1 _aSerá que a Joaninha tem uma pilinha?
_fThierry Lenain
_gilustrações de Delphine Durand
210 _aLisboa
_cDinalivro
_d2004
215 _a29 p.
_cil
300 _aTrad. de: Mademoiselle Zazie a-t-elle un zizi?
606 _914
_aLiteratura infantil
606 _913
_aLiteratura Estrangeira
675 _a82-93
_vBN
_zpor
675 _a821.1/.8
_vBN
_zpor
700 _aLenain
_bThierry
_95774
702 _aDurand
_bDelphine
_95775
801 0 _aPT
_bBMVN
_gRPC
830 _cAna Caetano
_d31/12/2021
990 _cLIVROS